书目信息 |
| 题名: |
这才是宋史
|
|
| 作者: | 余耀华 著 | |
| 分册: | 叁 哲宗徽宗钦宗卷 | |
| 出版信息: | 长春 时代文艺出版社 2010.06 |
|
| 页数: | 320页 | |
| 开本: | 24cm | |
| 丛书名: | ||
| 单 册: | ||
| 中图分类: | I247.5 | |
| 科图分类: | ||
| 主题词: | 历史小说--li shi xiao shuo--中国--当代 | |
| 电子资源: | ||
| ISBN: | 978-7-5387-3025-8 | |
| 000 | 00847nam0 2200229 450 | |
| 001 | 012011585457 | |
| 005 | 20110224110240.59 | |
| 010 | @a978-7-5387-3025-8@dCNY29.80 | |
| 100 | @a20110223d2010 em y0chiy0120 ea | |
| 101 | 0 | @achi |
| 102 | @aCN@b220000 | |
| 105 | @ay z 000ay | |
| 106 | @ar | |
| 200 | 1 | @a这才是宋史@Azhe cai shi song shi@h叁@i哲宗徽宗钦宗卷@f余耀华著@Fyu yao hua zhu |
| 210 | @a长春@c时代文艺出版社@d2010.06 | |
| 215 | @a320页@d24cm | |
| 330 | @a本书从哲宗赵煦即位写起,历经徽宗、钦宗三朝而结束。抖开千年尘封的真实历史,品味古住今来的百味人生,以正史为经,野史为纬,不戏说。书中涉及重大的历史事件有:元祐更化、绍圣绍述、元祐奸党案等。 | |
| 606 | 0 | @a历史小说@Ali shi xiao shuo@y中国@z当代 |
| 690 | @aI247.5@v4 | |
| 701 | 0 | @a余耀华@Ayu yao hua@4著 |
| 801 | 0 | @aCN@bQSSK@c20110224 |
| 905 | @b791675-77@dI247.5@eY776:3@f3 | |
| 这才是宋史.叁.哲宗徽宗钦宗卷/余耀华著.-长春:时代文艺出版社,2010.06 |
| 320页;24cm |
| ISBN 978-7-5387-3025-8:CNY29.80 |
| 本书从哲宗赵煦即位写起,历经徽宗、钦宗三朝而结束。抖开千年尘封的真实历史,品味古住今来的百味人生,以正史为经,野史为纬,不戏说。书中涉及重大的历史事件有:元祐更化、绍圣绍述、元祐奸党案等。 |
| ● |
| 相关链接 |
|
|
|
正题名:这才是宋史
索取号:I247.5/Y776:3
 
预约/预借
| 序号 | 登录号 | 条形码 | 馆藏地/架位号 | 状态 | 备注 |
| 1 | 791675 | 207916754 | 文学库108/108文学库 40排2列2层/ [索取号:I247.5/Y776:3] | 在馆 | |
| 2 | 791676 | 207916763 | 文学库108/108文学库 40排2列2层/ [索取号:I247.5/Y776:3] | 在馆 | |
| 3 | 791677 | 207916772 | 文学库108/108文学库 40排2列2层/ [索取号:I247.5/Y776:3] | 在馆 |